00620nam a22001697a 4500082001600000100003700016245011500053264004400168300001900212520001100231650002600242650002100268700002800289942001300317999001900330952010100349 a621.40bKAS aKashif Mushtaq (328962)9124868 aUtilizing Evaporative Cooling for Efficient Thermal Management of Lithium-Ion Batteries in Electric Vehicles / aIslamabad :bUSPCAS-E, NUSTcMAY, 2024. axv, 63 p.e+CD aTH-572 aMS TEE Thesis9116575 aMS Thesis918721 aDr. Adeel Waqas 928869 2ddccTHE c610653d610653 00104070aCAS-EbCAS-Ed2024-07-30l0o621.40 KASpCAS-ETH0000572r2024-07-30w2024-07-30yTHE